000 00405nam a2200157Ia 4500
008 230711s9999||||xx |||||||||||||| ||und||
041 _aENG
082 _a621
_bGR-E
100 _aGrant,Eugene L
245 0 _aPrinciples of engineering economy
250 _a8th . . Ed.
260 _c1990
_aNew Delhi
_bJohn Wiley & Sons.Inc
650 _aMechanical Engineering
700 _aLeach,Donald P
942 _cBK
999 _c4130
_d4130